GIS in real estate : integrating, analyzing, and presenting locational information (Record no. 101916)
[ view plain ]
| 000 -LEADER | |
|---|---|
| fixed length control field | 01393cam a2200289 4500 |
| 008 - FIXED-LENGTH DATA ELEMENTS--GENERAL INFORMATION | |
| fixed length control field | 020301n1998 000 0 eng u |
| 020 ## - INTERNATIONAL STANDARD BOOK NUMBER | |
| International Standard Book Number | 092215452X |
| 035 ## - SYSTEM CONTROL NUMBER | |
| System control number | (Sirsi) u116923 |
| 041 ## - LANGUAGE CODE | |
| Language code of text/sound track or separate title | eng. |
| 050 ## - LIBRARY OF CONGRESS CALL NUMBER | |
| Classification number | 333.70285 |
| 100 ## - MAIN ENTRY--PERSONAL NAME | |
| Personal name | Castle, G. |
| -- | Editor |
| 110 ## - MAIN ENTRY--CORPORATE NAME | |
| Corporate name or jurisdiction name as entry element | Appraisal Institute |
| 9 (RLIN) | 2987 |
| 245 ## - TITLE STATEMENT | |
| Title | GIS in real estate : integrating, analyzing, and presenting locational information |
| 260 ## - PUBLICATION, DISTRIBUTION, ETC. | |
| Place of publication, distribution, etc. | Chicago |
| Name of publisher, distributor, etc. | Appraisal Institute |
| Date of publication, distribution, etc. | 1998 |
| 300 ## - PHYSICAL DESCRIPTION | |
| Extent | ix,206p. |
| Other physical details | ill. |
| Dimensions | 28cm. |
| 350 ## - PRICE (NR) (BK AM CF MU VM SE) [OBSOLETE] | |
| Price | 42 |
| 520 ## - SUMMARY, ETC. | |
| Summary, etc. | To date the use of GIS by real estate professionals has been limited. This text reveals how, with knowledgeable assistance and a reasonable financial investment, residential and commercial real estate brokers, appraisers, assessors, and investment analysts can tap into applications and insights that did not exist just a few years ago. It takes the reader through all the decisions and problems encountered in setting up a GIS, with essential information on acquiring the proper hardware and software, making use of digital and attribute data, custom programming and system integration. |
| 650 ## - SUBJECT ADDED ENTRY--TOPICAL TERM | |
| Topical term or geographic name entry element | GIS |
| 650 ## - SUBJECT ADDED ENTRY--TOPICAL TERM | |
| Topical term or geographic name entry element | COMPUTER SOFTWARE |
| 650 ## - SUBJECT ADDED ENTRY--TOPICAL TERM | |
| Topical term or geographic name entry element | GIS |
| 650 ## - SUBJECT ADDED ENTRY--TOPICAL TERM | |
| Topical term or geographic name entry element | REAL ESTATE |
| 650 ## - SUBJECT ADDED ENTRY--TOPICAL TERM | |
| Topical term or geographic name entry element | RESIDENTIAL AGENTS |
| 650 ## - SUBJECT ADDED ENTRY--TOPICAL TERM | |
| Topical term or geographic name entry element | COMMERCIAL AGENTS |
| 650 ## - SUBJECT ADDED ENTRY--TOPICAL TERM | |
| Topical term or geographic name entry element | UNITED STATES |
| 690 ## - LOCAL SUBJECT ADDED ENTRY--TOPICAL TERM (OCLC, RLIN) | |
| Topical term or geographic name as entry element | MANAGEMENT-BUSINESS MANAGEMENT-INFORMATION MANAGEMENT |
| 942 ## - ADDED ENTRY ELEMENTS (KOHA) | |
| Suppress in OPAC | 0 |
| Withdrawn status | Lost status | Source of classification or shelving scheme | Damaged status | Not for loan | Home library | Current library | Shelving location | Date acquired | Cost, normal purchase price | Total Checkouts | Full call number | Barcode | Date last seen | Date last checked out | Copy number | Cost, replacement price | Price effective from | Koha item type |
|---|---|---|---|---|---|---|---|---|---|---|---|---|---|---|---|---|---|---|
| Dewey Decimal Classification | London | London | Folio | 23/10/2002 | 35.70 | 3 | F333.70285 CAS | 30066580 | 06/08/2019 | 18/07/2005 | 1 | 35.70 | 06/08/2019 | Book |